Felfüggesztett körjegyző

Správa o prepustení obvodného notára Arpáda Kovátsa v obci Vyšná Oľka [dnes Oľka] v auguste 1909.

Podrobná bibliografia
Médium: Článok
Jazyk:Hungarian
Témy:
Zdroj: 1. Felvidéki Hirlap 1. Roč. 2, č. 33 (15.08.1909) s. 2
LEADER 00867nab#a2200301#ar4500
001 000073348
003 SVKKK
005 20040107xxxxxxx.
008 06 c xo huno
FMT
038 |a SVKKK 
040 |a SVKKK  |b slo  |e AACR2 
041 0 |a hun 
044 |a xo  |c SK 
080 |a 347.961 
242 1 0 |a Prepustený obvodný notár 
245 0 0 |a Felfüggesztett körjegyző 
500 |a mikrofilm 
520 2 |a Správa o prepustení obvodného notára Arpáda Kovátsa v obci Vyšná Oľka [dnes Oľka] v auguste 1909. 
650 0 4 |a Kováts, Arpád (notár obvodný) - prepustenie zo služby - Vyšná Oľka (HN) - august 1909 - správy 
773 0 |t Felvidéki Hirlap  |g Roč. 2, č. 33 (15.08.1909) s. 2 
957 |a Vyšná Oľka 
958 |a DG 
958 |a SK 
974 |a Ba  |d 20040107 
992 |a RBX 
BAS
998 |a RETRO